Вспомогательное оборудование трансформаторов (устройства контроля и защиты, вводы, арматура)

Bibliografiske detaljer
Hovedforfatter: Голунов А. М. Алексей Михайлович
Andre forfattere: Мазур А. Л. Александр Львович
Sprog:russisk
Udgivet: Москва, Энергия, 1978
Serier:Трансформаторы
Fag:
Format: MixedMaterials Bog
KOHA link:https://koha.lib.tpu.ru/cgi-bin/koha/opac-detail.pl?biblionumber=52328

MARC

LEADER 00000nam0a2200000 4500
001 52328
005 20231031041500.0
035 |a (RuTPU)RU\TPU\book\54835 
090 |a 52328 
100 |a 20030528d1978 km y0rusy50 ca 
101 0 |a rus 
102 |a RU 
105 |a a z 001zy 
200 1 |a Вспомогательное оборудование трансформаторов (устройства контроля и защиты, вводы, арматура)  |f А. М. Голунов, А. Л. Мазур 
210 |a Москва  |c Энергия  |d 1978 
215 |a 145 с.  |c ил. 
225 1 |a Трансформаторы  |h Вып. 33 
320 |a Библиогр.: с. 145 
610 1 |a трансформаторы 
610 1 |a вспомогательное оборудование 
610 1 |a контроль 
610 1 |a защита 
610 1 |a вводы 
610 1 |a арматура 
610 1 |a устройства 
675 |a 621.314.222.6  |v 3 
700 1 |a Голунов  |b А. М.  |g Алексей Михайлович 
701 1 |a Мазур  |b А. Л.  |g Александр Львович 
801 1 |a RU  |b 63413507  |c 20030528  |g PSBO 
801 2 |a RU  |b 63413507  |c 20160927  |g PSBO 
942 |c BK